| 000 | 00451nam a22001817a 4500 | ||
|---|---|---|---|
| 003 | NUST - PNEC | ||
| 005 | 20170116181158.0 | ||
| 008 | 150912b xxu||||| |||| 00| 0 eng d | ||
| 020 | _a0471445770 | ||
| 040 | _cLIBRARY | ||
| 082 | _a629.8 NIS | ||
| 100 |
_99280 _aNise, Norman S. |
||
| 245 |
_aControl systems engineering _cNorman S. Nise |
||
| 250 | _a4th ed. | ||
| 260 | _cc.2004 | ||
| 650 |
_99283 _aAutomatic control _xEE |
||
| 942 |
_2ddc _cBK |
||
| 999 |
_c71299 _d71299 |
||